| Tag |
First Indicator |
Second Indicator |
Subfields |
| LEADER |
00000cam a2200000 4500 |
| 001 |
in00001861663 |
| 006 |
m | d | |
| 007 |
cr |n||||||||n |
| 008 |
831101s1795 xxu|||| s 00| | eng d |
| 005 |
20260406212834.9 |
| 035 |
|
|
|a (CStRLIN)ESTCW20512
|
| 040 |
|
|
|a MWA
|c MWA
|d Uk-ES
|d CStRLIN
|d Thomson Gale
|d UtOrBLW
|
| 100 |
1 |
|
|a Dix, William,
|d 1772-1799.
|
| 245 |
1 |
3 |
|a An inaugural dissertation on the dropsy :
|b read and defended at a publick examination, held by the medical professors, before the Rev. Joseph Willard, S.T.D. president, and the governors of the University at Cambridge, for the degree of Bachelor in Medicine, July 3d. 1795. By William Dix, A.M.
|
| 264 |
|
3 |
|a [Worcester] :
|b Printed at Worcester, Massachusetts by Isaiah Thomas, Jun. And sold at his bookstore, opposite the prison,
|c 1795.
|
| 300 |
|
|
|a 32p. ;
|c 8⁰.
|
| 336 |
|
|
|a text
|b txt
|2 rdacontent
|
| 337 |
|
|
|a computer
|b c
|2 rdamedia
|
| 338 |
|
|
|a online resource
|b cr
|2 rdacarrier
|
| 500 |
|
|
|a Dedicated to Profesor John Warren, M.D.
|
| 500 |
|
|
|a Reproduction of original from the British Library.
|
| 510 |
4 |
|
|a Evans,
|c 28572
|
| 510 |
4 |
|
|a Austin, R.B. Early Amer. medical imprints,
|c 676
|
| 510 |
4 |
|
|a English Short Title Catalog,
|c ESTCW20512.
|
| 533 |
|
|
|a Electronic reproduction.
|b Farmington Hills, Mich. :
|c Thomson Gale,
|d 2003.
|n Available via the World Wide Web.
|n Access limited by licensing agreements
|7 s2003 miunns
|
| 500 |
|
|
|a Electronic resource.
|
| 830 |
|
0 |
|a Eighteenth century collections online.
|
| 856 |
4 |
0 |
|u http://proxy.library.tamu.edu/login?url=https://galenet.galegroup.com/servlet/ECCO?c=1&stp=Author&ste=11&af=BN&ae=W020512&tiPG=1&dd=0&dc=flc&docNum=CW108266296&vrsn=1.0&srchtp=a&d4=0.33&n=10&SU=0LRM&locID=txshracd2898
|z Full text online
|t 0
|
| 999 |
|
|
|a MARS
|
| 999 |
f |
f |
|s f49cac53-b92f-3d34-b0e7-29eed9e5e32a
|i 073742da-62d2-3450-bb36-42538c1a66cc
|t 0
|
| 952 |
f |
f |
|a Texas A&M University
|b College Station
|c Electronic Resources
|s www_evans
|d Available Online
|t 0
|h No information provided
|
| 998 |
f |
f |
|t 0
|l Available Online
|